Artists of the 20th Century : Joan Miró /

Esta producción audiovisual sobre el catalán Miró forma parte de la serie Artists of the 20th Century, de la que también pueden encontrarse disponibles en el Fondo de Material Audiovisual de la Biblioteca los DVD dedicados al ruso-francés Marc Chagall (1887-1985) y el español Pablo Picasso (1881-197...

ver descrição completa

Na minha lista:
Detalhes bibliográficos
Formato: Slides
Idioma:inglês
Publicado em: lugar de publicación no identificado : DPM, 2002, c2002
Long Branch Oeste, EUA : Kultur [distribución], copyright fecha no identificada
coleção:(Artists of the 20th Century)
Assuntos:
Tags: Adicionar Tag
Sem tags, seja o primeiro a adicionar uma tag!

MARC

LEADER 00000ngm^a2200000^a^4500
001 000186577
005 20250521000000.0
009 20260310102230.001
020 |a 0-7697-2668-2 
037 |a Acervo ITESO - Biblioteca 
041 |a ING 
082 |a 709. 04  |b ART V. 2 
240 1 1 |a [Artists of the 20th Century] 
245 0 0 |a Artists of the 20th Century :  |b Joan Miró / 
264 4 |a lugar de publicación no identificado :  |b DPM,  |c 2002, c2002 
264 4 |a Long Branch Oeste, EUA :  |b Kultur [distribución],  |c copyright fecha no identificada 
300 |a 1 DVD sin dato de región  |c (49 min.) 
336 |a imagen móvil bidimensional  |b tdi  |2 rdacontenido 
337 |a video  |b v  |2 rdamedio 
338 |a videodisco  |b vd  |2 rdasoporte 
440 1 |a (Artists of the 20th Century) 
520 |a Esta producción audiovisual sobre el catalán Miró forma parte de la serie Artists of the 20th Century, de la que también pueden encontrarse disponibles en el Fondo de Material Audiovisual de la Biblioteca los DVD dedicados al ruso-francés Marc Chagall (1887-1985) y el español Pablo Picasso (1881-1973). Los doce restantes títulos de la colección, no disponibles en la Biblioteca del ITESO, se refieren a el ruso-francés Wassily Kandinsky (1866-1944), el holandés Piet Mondrian (1872-1944), el suizo-alemán Paul Klee (1879-1940), el franco-norteamericano Marcel Duchamp (1887-1968), el francés Henri Matisse (1896-1954), el belga René Magritte (1898-1967), el suizo Alberto Giacometti (1901-1966), el catalán Salvador Dalí (1904-1989), el inglés Francis Bacon (1909-1992) y los norteamericanos Man Ray (1890-1977), Jackson Pollock (1912-1956) y Andy Warhol (1928-1987). 
545 0 |a Joan Miró (1893-1983) tuvo contacto con la obra de los impresionistas y los fauvistas, todavía como estudiante de arte. Fue una influencia temprana que incidió profundamente en su estética moderna, aunque él luego se vinculara más con el surrealismo. Alcanzó gran reconocimiento como pintor abstracto y se convirtió en un autor muy cotizado. 
649 |a XX 
650 |a Pintores Catalanes 
650 |a Pintores Españoles 
650 |a Artistas Catalanes 
650 |a Artistas Españoles 
650 |a Pintura Moderna -  |z Cataluña, España -  |x Historia y Crítica 
650 |a Pintura Moderna -  |z España -  |x Historia y Crítica 
650 |a Pintura Moderna -  |x Historia y Crítica 
650 |a Pintura Catalana -  |x Historia y Crítica 
650 |a Pintura Española -  |x Historia y Crítica 
650 |a Surrealismo -  |z Cataluña, España -  |x Historia y Crítica 
650 |a Surrealismo -  |z España -  |x Historia y Crítica 
650 |a Surrealismo -  |x Historia y Crítica 
650 |a Arte Moderno -  |z Cataluña, España -  |x Historia y Crítica 
650 |a Arte Moderno -  |z España -  |x Historia y Crítica 
650 |a Arte Moderno -  |x Historia y Crítica 
650 |a Arte Catalán -  |x Historia y Crítica 
650 |a Arte Español -  |x Historia y Crítica 
650 |a Miró, Joan 
910 |a Fondo General 
920 |a Audiovisuales - DVDs 
905 |a 302 
901 |a 0500123890  |b IT2  |c DVS  |u 20250521 
902 |a https://opac.biblio.iteso.mx/vufind/Record/000186577